000
00285nam a2200121Ia 4500
005
20251028132339.0
008
251020t2008||||xx |||||||||||||| ||spa||
041
_a
spa
100
_a
Álvarez Conde, Enrique
245
0
_a
Curso de derecho constitucional
260
_c
2008
942
_C
LB
_c
LB
999
_c
762
_d
762